Le pitture di Pompei, Ercolano e Stabia nel Museo Nazionale di Napoli

Salvato in:
Dettagli Bibliografici
Autore principale: Maiuri, Amedeo (autor)
Natura: Libro
Lingua:italiano
Pubblicazione: Milán Aldo Martello 1959
Edizione:1a. ed
Soggetti:
Tags: Aggiungi Tag
Nessun Tag, puoi essere il primo ad aggiungerne!!

MARC

LEADER 00000cam a2200000 a 4500
001 UCE2100
003 CL-VaPUC
008 140605e19590000it |||||||||||||||||ita|d
082 0 4 |a 759.02  |b MAI  |2 21 
100 |a Maiuri, Amedeo  |e autor  |9 574570 
245 1 3 |a Le pitture di Pompei, Ercolano e Stabia nel Museo Nazionale di Napoli 
250 |a 1a. ed 
300 |a pág. irreg 
942 |c BK 
945 |d 20140605 14:22:00  |a dcastane 
260 |a Milán  |b Aldo Martello  |c 1959 
650 0 |a Pintura italiana  |9 265293 
650 7 |a PINTURA ROMANA  |2 CL-VaPUC  |9 574571 
583 |a last modification  |c 20140605 14:22:00  |k Rodrigo Vera 
999 |c 355767  |d 355765 
952 |0 0  |1 0  |3 erb  |4 0  |6 759_020000000000000_MAI_1959  |7 0  |8 A  |9 462625  |a BIBART  |b BIBART  |i 5056373  |o 759.02 MAI 1959  |p 5056373  |r 2025-03-13  |w 2019-11-23  |y BK  |z Catalogado en:20140605  |k ART